| 000 | 00487nam a22001577a 4500 | ||
|---|---|---|---|
| 003 | OSt | ||
| 005 | 20140310182520.0 | ||
| 008 | 130810t xxu||||| |||| 00| 0 eng d | ||
| 050 |
_aRC 78.15 _b.F56 2010 |
||
| 100 | _aCambridge University Press | ||
| 245 |
_aFinal FRCR 2B long cases : _ba survival guide / _cedited by Jessie Aw and John Curtis. |
||
| 260 |
_aNew York : _bCambridge University Press, _c2010 |
||
| 300 |
_a385 p. ; _bill. ; _c24 cm. |
||
| 942 |
_2lcc _cSSLC |
||
| 999 |
_c14013 _d14013 |
||